000 02135cam a22005174i 4500
003 PE-LiUPU
005 20250731165604.0
008 150706s r 000 0 d
020 _a9788449438721
035 _a(Sirsi) i9788449438721
040 _aPE-LiUPU
_bspa
_cPE-LiUPU
_erda
049 _aPRUA
082 0 4 _a371.146
_bM
_221
245 0 0 _aManual de recursos del maestro /
_cGrupo Océano.
264 1 _aBarcelona :
_bOcéano,
_c[2008].
300 _a01 CD-ROM
300 _a731 páginas :
_bilustraciones, cuádros ;
_c26 centímetros
336 _atext
_2rdacontent
337 _aunmediated
_2rdamedia
338 _avolume
_2rdacarrier
505 0 _aProgramación neurolingüistica para la docencia -- La programación neurolinguística (PNL) en tu vida -- La pirámide de los niveles lógicos de pensamiento -- Los entornos donde vivimos -- Técnicas asetivas -- Negociaciones y acuerdos -- Desarrollo de las comperencias del profesorado -- Técnicas de expresión oral -- Las condiciones del trabajo docente -- Propuesta para la optimizaicón de recursos.
526 _aSEG44
526 _aSEG26
526 _aP151
526 _aP150
526 _aP149
526 _aP146
526 _aP145
526 _aP126
526 _aP125
526 _aP92
526 _aP75
526 _aP74
526 _aP27
526 _aP15
541 _g001-002962;
650 1 4 _aDidáctica
_vManuales.
650 2 4 _aEducación manual.
650 2 4 _aFormación de hábitos
_vManuales.
910 _a
942 _2ddc
_cBOOK
949 _aRC 371.146 M
_wDEWEY
_c1
_i59568
_lCCODEBUL1
_mBUL
_p39.00
_r0
_sY
_tBOOK
_u2015-7-6
_xEDUCACION
_PP20
_0COMPRA
_o.CIRCNOTE. No olvidar cambiar la fecha de devolución!!!!!!!
_o.STAFF. Colección General
994 _aC0
_bPEPRU
596 _a1
999 _aRC 371.146 M
_wDEWEY
_c49127
_i59568
_d49127
_f2021-11-8
_g5
_lCCODEBUL1
_mBUL
_p39.00
_q1
_r0
_sY
_tBOOK
_u2015-7-6
_xEDUCACION
_PP20
_0COMPRA
_o.CIRCNOTE. No olvidar cambiar la fecha de devolución!!!!!!!
_o.STAFF. Colección General
980 _81
_gALBERTO SANCHEZ Responsable de Automatización